000 01024nam a2200265 a 4500
001 BRL_1936
005 20190320211437.0
008 190815s1941----mx-ae#####---#000-0#spa-#
041 _aspa
044 _amx
050 4 _aN8023
_b.G3 1941
100 1 _aGarcía Granados, Rafael
_910174
245 1 0 _aSillería del coro de la antigua iglesia de San Agustín
_cestudio e introducción de Rafael García Granados.
260 _aMéxico
_bUNAM, Instituto de Investigaciones Estéticas
_c1941
300 _a2 v.
_bil., 70 láminas, grabados, planos
_c36 cm.
500 _aIncluye índice de ilustraciones
500 _av.1 Au7, v.2 Au16
500 _aEstado físico: El v.1 tiene desgarrado el lomo y su caja
505 0 _aContenido: v.1 Planta y alzado del salón ´El Generalito´. -- v.2 Tablilla del coro
610 2 4 _aIglesia de San Agustín
_vArquitectura colonial
_zCiudad de México
_920969
650 1 4 _aSillerías del coro
_910208
650 1 4 _aArquitectura religiosa
_94011
902 _aGRL
942 _2lcc
_cB
999 _c10744
_d10744